[Event "25th Zadar Open 2018"]
[Site "Zadar"]
[Date "2018.12.17"]
[Round "4.1"]
[White "Omelja, Artem"]
[Black "Brkic, Ante"]
[Result "1/2-1/2"]
[WhiteElo "2457"]
[BlackElo "2563"]
[Annotator "TA"]
[PlyCount "168"]
[EventDate "2018.12.15"]
[EventType "swiss"]
[EventCountry "CRO"]
[SourceTitle "playchess.com"]
[Source "ChessBase"]
[SourceQuality "1"]

{[%evp 21,168,36,26,14,18,3,6,6,2,9,6,6,7,0,12,0,0,0,4,6,33,33,39,18,41,12,10,10,11,8,12,9,20,18,20,16,21,24,25,33,19,-41,-41,-111,-112,-112,-112,-113,-112,-112,-113,-112,-112,-124,-125,-123,-108,-112,-104,-119,-114,-151,-136,-142,-125,-146,-114,-125,-113,-131,-113,-113,-113,-113,0,-113,0,-113,-55,-132,-113,-113,-113,-132,-132,-240,-240,-240,-240,-240,-240,-240,-240,-233,0,-160,0,-233,-209,-200,-65,-58,-58,-66,-66,-66,-66,-66,-66,-66,-66,-66,-66,-66,-58,-66,-66,-66,-66,-66,-66,-66,-26,-26,-26,-26,-20,-26,-26,-26,-26,-26,-26,-26,-26,-26,-26,-26,-26,-26,0,-26,0,-32,0,-32,0,-33,0]} 1. c4 e5 2. Nc3 Nf6 {[%cal Bg8f6,Bf6d5,Bd5b6][%mdl 32]} 3. Nf3 Nc6 4. g3 d5 5. cxd5 Nxd5 6. Bg2 Nb6 7. O-O Be7 8. a3 O-O 9. d3 a5 10. Be3 Be6 11. Bxb6 {A29: English Opening: Four Knights Variation with 4 g3} (11. Rc1 a4 12. Nd2 f5 13. Bxb6 cxb6 14. Nxa4 Bg5 15. Nc3 e4 16. Kh1 Qd7 17. Rb1 Rad8 18. Nc4 Qf7 19. b3 exd3 20. exd3 {0-1 (43) Giri,A (2777)-Carlsen,M (2843) Shamkir 2018}) 11... cxb6 {LiveBook: 9 Games} 12. e3 Qd7 $146 ({Predecessor:} 12... Rc8 13. d4 exd4 14. Nxd4 Bc4 15. Re1 Bf6 16. Nf5 Bxc3 17. bxc3 Qf6 18. Nd4 Ba6 19. Nxc6 bxc6 {1-0 (44) Lyanguzov,O (2298)-Ulanov,A (2384) Uljanovsk 2011}) 13. Qa4 {The position is equal.} Qxd3 14. Rfd1 Qc4 15. Qxc4 Bxc4 16. Rd7 Be6 17. Rxb7 Rab8 $1 {[%cal Rb8b7]} 18. Rxb8 Rxb8 19. Ne1 Na7 20. Bd5 Bf5 21. Nf3 Bf6 22. Be4 Be6 23. Nd5 Bxd5 24. Bxd5 e4 25. Bxe4 Bxb2 26. Ra2 Bf6 27. a4 b5 28. axb5 Rxb5 29. Rc2 {[#] Hoping for Rc7.} a4 30. Rc7 Ra5 31. Rb7 (31. Bd5 $11) 31... Kf8 $15 32. Bd3 (32. Bd5 $15) 32... a3 $17 33. Bc4 a2 34. Rxf7+ Ke8 35. Bxa2 Rxa2 36. Rb7 Nc8 37. Kg2 Nd6 38. Rb4 h6 39. h4 Kd7 40. Ng1 Bc3 41. Rb1 Nc4 {...Nxe3+ is the strong threat.} 42. Rd1+ Ke7 43. Rd3 Be1 44. Nh3 Ne5 45. Rd4 h5 46. Kf1 Ra1 {[#] Strongly threatening ...Bc3+.} 47. Kg2 Ra2 48. Kf1 $1 Ra1 49. Kg2 $1 Ng4 (49... g6 $17 50. Re4 Kf6 51. Rf4+ Kg7) 50. Rf4 ({White should try} 50. Nf4 $15) 50... g6 51. Re4+ Kf6 52. Rf4+ Kg7 53. Rf3 (53. Re4 $17) 53... Ra2 $19 54. Kg1 Ne5 55. Rf4 Nd3 56. Rf3 Ra1 57. Kh2 Ra2 {[%cal Re1f2]} 58. Kg1 $1 Ra1 (58... Rc2 $17 59. e4 Ne5) 59. Kh2 $1 Rb1 60. Kg2 Bxf2 (60... Bb4 $19 61. Kh2 Be1) 61. Rxf2 $15 Nxf2 62. Kxf2 $19 {[%mdl 4096] Endgame KR-KN} Kf6 63. Kf3 Kf5 64. Nf4 Rf1+ 65. Kg2 Ra1 66. Kf3 Ra6 67. Nd3 Ra3 68. Nf4 Ra8 69. Nd3 Rf8 70. Nf4 Re8 71. Nd3 g5 72. hxg5 Kxg5 73. Nf4 Rf8 74. Kg2 Kg4 (74... Rg8 {with more complications.} 75. Kf3 Rb8 76. Nh3+ Kh6 77. Nf4 Rc8) 75. Nh3 Rf7 76. Nf2+ Kf5 77. Kf3 Ke5+ 78. Ke2 Rf8 79. Nh3 Kf5 {Threatens to win with ...Kg4.} 80. Kf3 Ke5+ 81. Ke2 Kf5 {And now ...Kg4 would win.} 82. Kf3 $1 Ke5+ 83. Ke2 Kf5 {aiming for ...Kg4.} 84. Kf3 Ke5+ {Accuracy: White = 72%, Black = 56%.} 1/2-1/2

[Event "25th Zadar Open 2018"]
[Site "Zadar"]
[Date "2018.12.17"]
[Round "4.2"]
[White "Saric, Ibro"]
[Black "Livaic, Leon"]
[Result "1/2-1/2"]
[WhiteElo "2559"]
[BlackElo "2474"]
[Annotator "TA"]
[PlyCount "65"]
[EventDate "2018.12.15"]
[EventType "swiss"]
[EventCountry "CRO"]
[SourceTitle "playchess.com"]
[Source "ChessBase"]
[SourceQuality "1"]

{[%evp 19,65,0,0,2,28,28,31,30,35,20,20,20,20,22,27,22,21,39,50,54,56,20,24,15,15,0,11,0,0,0,13,0,0,0,16,4,4,13,19,0,0,0,52,52,53,66,91,16]} 1. d4 Nf6 2. c4 e6 3. Nf3 a6 4. Nc3 d5 5. cxd5 exd5 6. Bg5 {D37: Queen's Gambit Declined: 5 Bf4} Be6 7. e3 Nbd7 8. Bd3 Bd6 (8... h6 9. Bf4 g5 10. Bg3 Nh5 11. Be5 Nhf6 12. Bg3 Nh5 13. Qb3 Nxg3 14. hxg3 {½-½ (48) Karjakin,S (2773)-Caruana,F (2822) Saint Louis 2018}) 9. Qc2 c6 10. Bh4 h6 {LiveBook: 12 Games} 11. Bg3 Qb8 12. Bxd6 Qxd6 13. O-O O-O {[#]} 14. Na4 $146 b6 15. h3 c5 16. dxc5 $1 bxc5 17. Rfd1 Rfc8 18. b3 Qb8 19. Rac1 Qb4 20. Rb1 a5 21. Rdc1 Rab8 22. Bf5 Qa3 23. Bxe6 fxe6 24. Nd2 Nb6 25. Nxb6 Rxb6 26. e4 Qb4 27. Nc4 Ra6 ({But not} 27... dxc4 $2 28. bxc4 Ra6 29. Rxb4 $18) 28. exd5 exd5 29. Qf5 Rd8 30. Ne5 $36 {[%mdl 2048] White has some pressure.} Qe4 (30... Ne4 $11) 31. Qxe4 $14 Nxe4 32. f3 Re8 33. fxe4 {Accuracy: White = 69%, Black = 60%.} (33. Nd3 $16 c4 34. Nf4 (34. fxe4 cxd3 35. exd5 Re5 $11) (34. bxc4 dxc4 35. Nf4 Nd6 $11)) 1/2-1/2

[Event "25th Zadar Open 2018"]
[Site "Zadar"]
[Date "2018.12.17"]
[Round "4.3"]
[White "Rezan, Sasa"]
[Black "Martinovic, Sasa"]
[Result "1/2-1/2"]
[WhiteElo "2421"]
[BlackElo "2554"]
[Annotator "TA"]
[PlyCount "30"]
[EventDate "2018.12.15"]
[EventType "swiss"]
[EventCountry "CRO"]
[SourceTitle "playchess.com"]
[Source "ChessBase"]
[SourceQuality "1"]

{[%evp 29,30,0,0]} 1. d4 Nf6 2. c4 e6 3. Nf3 d5 4. g3 Bb4+ 5. Bd2 Be7 6. Bg2 O-O 7. O-O c6 8. Qc2 Nbd7 9. Rd1 b6 10. Bf4 Bb7 11. Ne5 Nh5 12. Bc1 $146 Nhf6 13. Bf4 Nh5 14. Bc1 Nhf6 15. Bf4 Nh5 {LiveBook: 177 Games. E08: Closed Catalan: Main Line: 7 Qc2} 1/2-1/2

[Event "25th Zadar Open 2018"]
[Site "Zadar"]
[Date "2018.12.17"]
[Round "4.4"]
[White "Jakic, Ivan"]
[Black "Loiseau, Quentin"]
[Result "1/2-1/2"]
[WhiteElo "2393"]
[BlackElo "2443"]
[Annotator "NA"]
[PlyCount "48"]
[EventDate "2018.12.15"]
[EventType "swiss"]
[EventCountry "CRO"]
[SourceTitle "playchess.com"]
[Source "ChessBase"]
[SourceQuality "1"]
[TimeControl "40/5400+30:1800+30"]

1. e4 {[%emt 0:00:30]} c5 {[%emt 0:00:30]} 2. Nf3 {[%emt 0:00:00]} Nc6 {[%emt 0:00:00]} 3. Bb5 {[%emt 0:00:00]} g6 {[%emt 0:00:00]} 4. Bxc6 {[%emt 0:00:00]} dxc6 {[%emt 0:00:30]} 5. Nc3 {[%emt 0:00:00]} Bg7 {[%emt 0:00:30]} 6. d3 {[%emt 0:00:30]} e5 {[%emt 0:03:30]} 7. Be3 {[%emt 0:00:00]} Qe7 {[%emt 0:00:30]} 8. h3 {[%emt 0:00:00]} Nf6 {[%emt 0:02:30]} 9. Qd2 {[%emt 0:00:30]} h6 {[%emt 0:03:30]} 10. Nh2 {[%emt 0:02:30]} Nd7 {[%emt 0:01:30]} 11. O-O {[%emt 0:05:30]} Nf8 {[%emt 0:01:30]} 12. f4 {[%emt 0:00:00]} exf4 {[%emt 0:01:30]} 13. Rxf4 {[%emt 0:00:00]} g5 {[%emt 0:05:30]} 14. Rf2 {[%emt 0:00:30]} Be6 {[%emt 0:02:30]} 15. a4 {[%emt 0:04:30]} Nd7 {[%emt 0:17:30]} 16. a5 {[%emt 0:08:30]} Be5 {[%emt 0:18:30]} 17. Raf1 {[%emt 0:20:30]} Bc7 {[%emt 0:04:30]} 18. d4 {[%emt 0:21:30]} cxd4 {[%emt 0:10:30]} 19. Qxd4 {[%emt 0:00:30]} Be5 {[%emt 0:00:30]} 20. Qa4 {[%emt 0:00:30]} Nc5 {[%emt 0:04:30]} 21. Qb4 {[%emt 0:03:30]} Na6 {[%emt 0:00:30]} 22. Qa4 {[%emt 0:02:30]} Nc5 {[%emt 0:09:45]} 23. Qb4 {[%emt 0:00:00]} Na6 {[%emt 0:00:11]} 24. Qa4 {[%emt 0:01:00]} Nc5 {[%emt 0:06:18]} 1/2-1/2

[Event "25th Zadar Open 2018"]
[Site "Zadar"]
[Date "2018.12.17"]
[Round "4.5"]
[White "Bukal, Vladimir Jr."]
[Black "Petrov, Nikita"]
[Result "1/2-1/2"]
[WhiteElo "2390"]
[BlackElo "2593"]
[Annotator "ChessBase"]
[PlyCount "94"]
[EventDate "2018.12.15"]
[EventType "swiss"]
[EventCountry "CRO"]
[SourceTitle "playchess.com"]
[Source "ChessBase"]
[SourceQuality "1"]
[TimeControl "40/5400+30:1800+30"]

1. d4 {[%emt 0:00:30]} Nf6 {[%emt 0:00:30]} 2. Bf4 {[%emt 0:00:00]} d5 {[%emt 0:00:30]} 3. e3 {[%emt 0:00:00]} e6 {[%emt 0:01:30]} 4. Nf3 {[%emt 0:00:30]} Bd6 {[%emt 0:00:30]} 5. Nbd2 {[%emt 0:00:30]} O-O {[%emt 0:02:30]} 6. Bd3 {[%emt 0:00:30]} b6 {[%emt 0:01:30]} 7. O-O {[%emt 0:07:30]} Bb7 {[%emt 0:05:30]} 8. Ne5 {[%emt 0:04:30]} Ne4 {[%emt 0:02:30]} 9. f3 {[%emt 0:06:30]} Nxd2 {[%emt 0:02:30]} 10. Qxd2 {[%emt 0:00:30]} c5 {[%emt 0:10:30]} 11. c3 {[%emt 0:02:30]} f6 {[%emt 0:07:30]} 12. Ng4 {[%emt 0:00:30]} Nc6 {[%emt 0:00:30]} 13. Bxd6 {[%emt 0:07:30]} Qxd6 {[%emt 0:00:30]} 14. f4 {[%emt 0:00:30]} Ne7 {[%emt 0:31:30]} 15. b4 {[%emt 0:04:30]} cxb4 {[%emt 0:02:30]} 16. cxb4 {[%emt 0:00:00]} Nf5 {[%emt 0:01:30]} 17. a4 {[%emt 0:05:00]} Qd7 {[%emt 0:06:30]} 18. Rfc1 {[%emt 0:18:30]} Rfc8 {[%emt 0:00:36]} 19. Rxc8+ {[%emt 0:09:30]} Rxc8 {[%emt 0:00:24]} 20. Bxf5 {[%emt 0:05:30]} exf5 {[%emt 0:00:30]} 21. Nf2 {[%emt 0:00:00]} Rc4 {[%emt 0:00:46]} 22. Nd3 {[%emt 0:00:00]} Qc6 {[%emt 0:03:46]} 23. b5 {[%emt 0:01:30]} Qc7 {[%emt 0:02:21]} 24. a5 {[%emt 0:04:30]} Rc2 {[%emt 0:03:09]} 25. axb6 {[%emt 0:00:30]} axb6 {[%emt 0:00:14]} 26. Rc1 {[%emt 0:01:30]} Rc4 {[%emt 0:01:07]} 27. Ra1 {[%emt 0:00:30]} Rc2 {[%emt 0:00:53]} 28. Rc1 {[%emt 0:02:22]} Rc4 {[%emt 0:00:05]} 29. Ra1 {[%emt 0:00:45]} h6 {[%emt 0:04:07]} 30. h3 {[%emt 0:04:43]} Rc2 {[%emt 0:00:25]} 31. Rc1 {[%emt 0:05:18]} Rc4 {[%emt 0:00:16]} 32. Ra1 {[%emt 0:00:38]} Rc2 {[%emt 0:00:09]} 33. Rc1 {[%emt 0:00:02]} Rc4 {[%emt 0:00:55]} 34. Ra1 {[%emt 0:00:07]} Kh7 {[%emt 0:03:23]} 35. Kh2 {[%emt 0:01:14]} Rc2 {[%emt 0:01:19]} 36. Rc1 {[%emt 0:00:06]} Rc4 {[%emt 0:00:10]} 37. Ra1 {[%emt 0:00:36]} Bc8 {[%emt 0:01:56]} 38. Nb4 {[%emt 0:01:27]} Qd6 {[%emt 0:00:09]} 39. Nc6 {[%emt 0:00:19]} Bd7 {[%emt 0:00:15]} 40. Ra6 {[%emt 0:00:00]} Bxc6 {[%emt 0:00:00]} 41. Rxb6 {[%emt 0:01:23]} Qc7 {[%emt 0:06:05]} 42. Rxc6 {[%emt 0:01:30]} Rxc6 {[%emt 0:00:00]} 43. bxc6 {[%emt 0:00:30]} Qxc6 {[%emt 0:00:00]} 44. Qd3 {[%emt 0:00:30]} Qe6 {[%emt 0:00:30]} 45. Qc2 {[%emt 0:00:30]} Qd7 {[%emt 0:00:00]} 46. Qd3 {[%emt 0:00:30]} Qe6 {[%emt 0:00:00]} 47. Qc2 {[%emt 0:00:00]} Qd7 {[%emt 0:00:00]} 1/2-1/2

[Event "25th Zadar Open 2018"]
[Site "Zadar"]
[Date "2018.12.17"]
[Round "4.6"]
[White "Djukic, Nikola"]
[Black "Salimova, Nurgyul"]
[Result "1-0"]
[WhiteElo "2574"]
[BlackElo "2377"]
[Annotator "TA"]
[PlyCount "115"]
[EventDate "2018.12.15"]
[EventType "swiss"]
[EventCountry "CRO"]
[SourceTitle "playchess.com"]
[Source "ChessBase"]
[SourceQuality "1"]

{[%evp 27,115,10,18,0,0,0,2,0,37,0,58,49,54,63,60,50,56,27,34,43,33,24,40,-10,0,0,51,17,17,11,17,0,59,0,0,13,27,35,63,67,48,55,57,69,65,46,92,67,105,110,110,110,144,152,137,137,192,174,176,189,243,257,753,705,767,203,293,0,745,195,671,696,620,192,168,152,681,672,29976,29978,29969,29968,29993,29994,29994,29995,29995,29996,29996,-206]} 1. e4 e5 2. Nf3 Nc6 3. Bc4 Nf6 4. d3 Be7 5. O-O O-O 6. Re1 d6 7. c3 Na5 8. Bb5 a6 9. Ba4 b5 10. Bc2 c5 11. Nbd2 Nc6 12. Nf1 Re8 13. h3 Qc7 14. Ne3 {C90: Closed Ruy Lopez with 7...d6: Early deviations} (14. Ng3 g6 15. a4 Bd7 16. Bg5 b4 17. Qd2 Rab8 18. Nh2 bxc3 19. bxc3 Rb2 20. Qc1 Reb8 21. Nhf1 Be6 {1-0 (35) Riff,J (2499)-Postny,E (2658) Berlin 2015}) 14... Bf8 {LiveBook: 6 Games} 15. Nh2 Be6 16. Nhg4 {The position is equal.} Be7 {[#]} 17. Bb3 $146 ({Predecessor:} 17. a3 Qd7 18. Bd2 Rac8 19. a4 Nxg4 20. hxg4 Bg5 21. axb5 axb5 {½-½ (34) Iuldachev,S (2518)-Sangma,R (2320) Calicut 2007}) 17... Rad8 18. Qf3 Na5 (18... Nxg4 $11 19. Nxg4 Na5) 19. Nxf6+ $14 Bxf6 20. Nd5 Bxd5 $1 21. Bxd5 Nc6 22. g4 {aiming for g5.} Rb8 23. g5 Bd8 24. h4 {[%cal Bh3h4,Bh4h5][%mdl 32] With the idea h5.} Rf8 $1 25. Qe2 Ne7 26. Bb3 Rc8 (26... Ng6 $11) 27. h5 c4 28. dxc4 bxc4 29. Bc2 Qb7 ({Better is} 29... f5 $11) 30. b3 cxb3 31. Bxb3 Rxc3 32. Bd2 Rc8 33. Qg4 {[%mdl 1024] White has compensation.} Kh8 34. Re3 Bb6 35. Rf3 Bd4 36. Rd1 Rcd8 37. Bxf7 {Hoping for g6.} Qc8 38. Qxc8 Rxc8 39. g6 Rc2 40. Bb4 Rc6 41. Rdd3 Rb6 (41... Ng8 $16 {was worth a try.}) 42. Ba5 $40 {[%mdl 128] White attacks with force.} Rb1+ 43. Kg2 $1 Ng8 (43... Rb2 $142 44. Rd2 Rb7) 44. Bc7 $1 Nf6 $2 (44... Rb2 45. Bxd6 Rc8) 45. Bxd6 Rc8 {[#]} 46. Be6 $2 (46. Rxf6 $1 {[%mdl 512]} gxf6 47. Rg3) 46... Re8 {[#]} (46... Ra8 $142 47. h6 hxg6) 47. Bf7 $2 (47. Rxf6 $1 {[%mdl 512]} gxf6 48. Bf7) 47... Rc8 $1 {[#]} 48. Be7 $2 (48. Rxf6 $1 {[%mdl 512]} gxf6 49. Rg3) 48... Nxe4 $2 (48... Rb6 49. Bxf6 Rxf6) 49. Be6 Re8 50. Bd7 $2 (50. Rf7 {White threatens h6! and mate.} Rb2 51. h6 $1 {[%mdl 512]} Rxf2+ 52. Kh1 Rf1+ 53. Kh2 Rf2+ 54. Kh1 Rf1+ 55. Rxf1 gxh6 56. Bd5 hxg6 57. Bxe4 Rxe7 58. Rf6) 50... Reb8 51. Rf7 R1b2 $2 (51... R1b6 $16) 52. Rdf3 {Threatening mate with Rf8+.} hxg6 53. hxg6 {White mates.} Rxf2+ 54. Rxf2 Nxf2 55. Rf5 Ng4 56. Rh5+ {[%mdl 64] Discovered Attack} Nh6 {[#]} 57. Rxh6+ $1 {[%mdl 576] Deflection, Back Rank} gxh6 58. Bf6+ {[%mdl 32768] Accuracy: White = 53%, Black = 25%. . Loss on time!?} 1-0

[Event "25th Zadar Open 2018"]
[Site "Zadar"]
[Date "2018.12.17"]
[Round "4.7"]
[White "Cvitan, Ognjen"]
[Black "Sinanovic, Muhamed"]
[Result "1-0"]
[WhiteElo "2503"]
[BlackElo "2325"]
[Annotator "ChessBase"]
[PlyCount "97"]
[EventDate "2018.12.15"]
[EventType "swiss"]
[EventCountry "CRO"]
[SourceTitle "playchess.com"]
[Source "ChessBase"]
[SourceQuality "1"]
[TimeControl "40/5400+30:1800+30"]

1. d4 {[%emt 0:02:30]} e6 {[%emt 0:00:30]} 2. c4 {[%emt 0:03:30]} Bb4+ {[%emt 0:00:30]} 3. Bd2 {[%emt 0:00:30]} Qe7 {[%emt 0:00:30]} 4. Nf3 {[%emt 0:04:30]} Nf6 {[%emt 0:05:30]} 5. g3 {[%emt 0:01:30]} b6 {[%emt 0:10:30]} 6. Bg2 {[%emt 0:02:30]} Bb7 {[%emt 0:00:30]} 7. O-O {[%emt 0:03:30]} Bxd2 {[%emt 0:00:30]} 8. Qxd2 {[%emt 0:01:30]} O-O {[%emt 0:00:30]} 9. Nc3 {[%emt 0:04:30]} Ne4 {[%emt 0:11:30]} 10. Nxe4 {[%emt 0:17:30]} Bxe4 {[%emt 0:00:00]} 11. Rac1 {[%emt 0:00:30]} a5 {[%emt 0:15:00]} 12. Qf4 {[%emt 0:03:30]} Bxf3 {[%emt 0:01:30]} 13. Bxf3 {[%emt 0:00:30]} Ra7 {[%emt 0:00:30]} 14. c5 {[%emt 0:00:30]} bxc5 {[%emt 0:04:30]} 15. Rxc5 {[%emt 0:08:30]} d6 {[%emt 0:00:30]} 16. Rc3 {[%emt 0:04:30]} Nd7 {[%emt 0:01:30]} 17. Bc6 {[%emt 0:00:30]} Rb8 {[%emt 0:02:30]} 18. Qd2 {[%emt 0:04:30]} g6 {[%emt 0:16:30]} 19. Rfc1 {[%emt 0:01:30]} d5 {[%emt 0:00:30]} 20. b3 {[%emt 0:04:30]} Rb6 {[%emt 0:02:30]} 21. h4 {[%emt 0:03:30]} h5 {[%emt 0:00:30]} 22. Kg2 {[%emt 0:02:30]} Kg7 {[%emt 0:02:30]} 23. Qf4 {[%emt 0:05:51]} Nb8 {[%emt 0:04:00]} 24. Ba4 {[%emt 0:01:11]} Na6 {[%emt 0:01:57]} 25. Qd2 {[%emt 0:07:45]} Ra8 {[%emt 0:06:53]} 26. Rc6 {[%emt 0:03:01]} Qb4 {[%emt 0:00:59]} 27. Qf4 {[%emt 0:00:22]} Qe7 {[%emt 0:01:45]} 28. Rxb6 {[%emt 0:00:37]} cxb6 {[%emt 0:00:02]} 29. Bb5 {[%emt 0:00:08]} Qf6 {[%emt 0:05:54]} 30. Qxf6+ {[%emt 0:02:18]} Kxf6 {[%emt 0:00:02]} 31. a3 {[%emt 0:00:46]} Ra7 {[%emt 0:01:36]} 32. Rc6 {[%emt 0:00:31]} Nc7 {[%emt 0:00:07]} 33. Rxb6 {[%emt 0:00:02]} Nxb5 {[%emt 0:00:15]} 34. Rxb5 {[%emt 0:00:05]} Ke7 {[%emt 0:00:03]} 35. a4 {[%emt 0:00:14]} Kd6 {[%emt 0:00:16]} 36. Kf3 {[%emt 0:01:11]} Ke7 {[%emt 0:01:16]} 37. Kf4 {[%emt 0:00:23]} Kf6 {[%emt 0:00:15]} 38. f3 {[%emt 0:00:12]} Ra8 {[%emt 0:00:20]} 39. e4 {[%emt 0:00:22]} dxe4 {[%emt 0:00:08]} 40. fxe4 {[%emt 0:00:00]} Ra7 {[%emt 0:00:00]} 41. e5+ {[%emt 0:05:31]} Ke7 {[%emt 0:05:42]} 42. Ke4 {[%emt 0:00:30]} Kd7 {[%emt 0:00:30]} 43. d5 {[%emt 0:00:30]} exd5+ {[%emt 0:00:30]} 44. Kxd5 {[%emt 0:00:30]} Kc7 {[%emt 0:00:30]} 45. e6 {[%emt 0:01:30]} fxe6+ {[%emt 0:00:30]} 46. Kxe6 {[%emt 0:00:00]} Ra6+ {[%emt 0:00:00]} 47. Kf7 {[%emt 0:00:00]} Rd6 {[%emt 0:00:00]} 48. Rxa5 {[%emt 0:00:30]} Rd3 {[%emt 0:00:30]} 49. Rg5 {[%emt 0:00:30]} 1-0

[Event "25th Zadar Open 2018"]
[Site "Zadar"]
[Date "2018.12.17"]
[Round "4.8"]
[White "Sutkovic, Damir"]
[Black "Blagojevic, Dragisa"]
[Result "0-1"]
[WhiteElo "2345"]
[BlackElo "2497"]
[Annotator "ChessBase"]
[PlyCount "72"]
[EventDate "2018.12.15"]
[EventType "swiss"]
[EventCountry "CRO"]
[SourceTitle "playchess.com"]
[Source "ChessBase"]
[SourceQuality "1"]
[TimeControl "40/5400+30:1800+30"]

1. d4 {[%emt 0:00:30]} d5 {[%emt 0:00:30]} 2. c4 {[%emt 0:00:00]} e6 {[%emt 0:00:00]} 3. Nf3 {[%emt 0:00:00]} Nf6 {[%emt 0:00:00]} 4. Nc3 {[%emt 0:00:30]} c6 {[%emt 0:00:30]} 5. e3 {[%emt 0:00:30]} Nbd7 {[%emt 0:00:00]} 6. Qc2 {[%emt 0:00:30]} Bd6 {[%emt 0:00:00]} 7. Bd2 {[%emt 0:00:30]} O-O {[%emt 0:01:30]} 8. O-O-O {[%emt 0:01:30]} c5 {[%emt 0:01:30]} 9. Kb1 {[%emt 0:00:30]} a6 {[%emt 0:07:30]} 10. cxd5 {[%emt 0:01:30]} exd5 {[%emt 0:00:30]} 11. h3 {[%emt 0:00:30]} b5 {[%emt 0:05:30]} 12. dxc5 {[%emt 0:01:30]} Nxc5 {[%emt 0:02:30]} 13. g4 {[%emt 0:01:30]} Bb7 {[%emt 0:00:30]} 14. Nd4 {[%emt 0:00:30]} Rc8 {[%emt 0:02:30]} 15. Be1 {[%emt 0:19:30]} Re8 {[%emt 0:26:30]} 16. Rc1 {[%emt 0:17:30]} b4 {[%emt 0:07:30]} 17. Nce2 {[%emt 0:00:30]} Qb6 {[%emt 0:00:30]} 18. Qd1 {[%emt 0:07:30]} a5 {[%emt 0:02:30]} 19. Nf4 {[%emt 0:19:30]} Bxf4 {[%emt 0:11:30]} 20. exf4 {[%emt 0:00:30]} Nce4 {[%emt 0:04:30]} 21. Bb5 {[%emt 0:07:02]} Rxc1+ {[%emt 0:01:30]} 22. Kxc1 {[%emt 0:00:05]} Rc8+ {[%emt 0:00:30]} 23. Kb1 {[%emt 0:00:07]} Nd6 {[%emt 0:02:30]} 24. Be2 {[%emt 0:08:22]} Nfe4 {[%emt 0:01:30]} 25. f3 {[%emt 0:02:05]} Nc3+ {[%emt 0:01:10]} 26. Bxc3 {[%emt 0:00:58]} bxc3 {[%emt 0:00:09]} 27. b3 {[%emt 0:00:35]} a4 {[%emt 0:00:50]} 28. Qd3 {[%emt 0:04:58]} Nc4 {[%emt 0:04:08]} 29. Rc1 {[%emt 0:01:44]} Nb2 {[%emt 0:05:29]} 30. Qb5 {[%emt 0:01:36]} Qxd4 {[%emt 0:01:18]} 31. Qxb7 {[%emt 0:00:04]} Rf8 {[%emt 0:00:09]} 32. Qc6 {[%emt 0:00:48]} Nc4 {[%emt 0:02:04]} 33. Bxc4 {[%emt 0:00:54]} Qd2 {[%emt 0:00:41]} 34. Rc2 {[%emt 0:00:05]} Qd1+ {[%emt 0:00:37]} 35. Rc1 {[%emt 0:00:05]} c2+ {[%emt 0:00:24]} 36. Kb2 {[%emt 0:01:18]} a3+ {[%emt 0:00:07]} 0-1

[Event "25th Zadar Open 2018"]
[Site "Zadar"]
[Date "2018.12.17"]
[Round "4.9"]
[White "Krzyzanowski, Marcin"]
[Black "Volotovsky, Kirill"]
[Result "1-0"]
[WhiteElo "2491"]
[BlackElo "2179"]
[Annotator "TA"]
[PlyCount "59"]
[EventDate "2018.12.15"]
[EventType "swiss"]
[EventCountry "CRO"]
[SourceTitle "playchess.com"]
[Source "ChessBase"]
[SourceQuality "1"]

{[%evp 18,59,0,0,22,18,34,18,52,46,41,38,36,35,22,22,3,0,34,22,83,99,94,91,95,90,107,115,115,116,119,76,73,31,33,27,572,572,1552,1312,29995,29996,29996,29996]} 1. d4 Nf6 2. c4 e6 3. Nc3 Bb4 4. a3 Bxc3+ 5. bxc3 c5 6. f3 d5 7. e3 Nc6 {[%cal Bb8c6,Bc6e7,Be7f5][%mdl 32]} 8. cxd5 {E24: Nimzo-Indian: Sämisch: Unusual Black 5th moves and 5...c5 sidelines} exd5 9. Bd3 O-O 10. Ne2 {LiveBook: 37 Games. The position is equal.} Be6 11. O-O Qd7 12. Ng3 Ne7 13. a4 $146 ({Predecessor:} 13. Ra2 cxd4 14. cxd4 Nf5 15. Nh1 Nd6 16. g4 Nfe8 17. Rg2 {1-0 (51) Sarkar,J (2425)-Halfhide,S (1916) Hastings 2013}) 13... Rfc8 14. Rb1 b6 15. Ba6 Rd8 16. Rb2 Nf5 17. Ne2 h5 18. Nf4 c4 (18... Nd6 $11 {remains equal.}) 19. Nxe6 $16 Qxe6 {[#]} 20. e4 $1 {[%mdl 512]} dxe4 21. fxe4 Nxe4 22. Qxh5 Nfd6 23. Re2 Re8 24. Re3 {And now Rh3 would win.} g6 25. Qd1 Qd5 26. Rh3 Qa5 $2 {[%mdl 8192]} (26... f5 $11) 27. Qg4 $18 Nxc3 28. Bg5 {Bf6 would kill now.} Re4 {[#]} 29. Bf6 $1 {[%csl Gf6][%cal Rh3h8][%mdl 512]} Ne2+ {[#]} 30. Qxe2 $1 {[%mdl 512] Precision: White = 81%, Black = 36%.} 1-0

[Event "25th Zadar Open 2018"]
[Site "Zadar"]
[Date "2018.12.17"]
[Round "4.10"]
[White "Mohite, Ranveer"]
[Black "Tomazini, Zan"]
[Result "0-1"]
[WhiteElo "2236"]
[BlackElo "2437"]
[Annotator "TA"]
[PlyCount "60"]
[EventDate "2018.12.15"]
[EventType "swiss"]
[EventCountry "CRO"]
[SourceTitle "playchess.com"]
[Source "ChessBase"]
[SourceQuality "1"]

{[%evp 20,60,58,57,45,58,83,79,86,102,105,47,52,52,51,53,52,-118,-126,-152,-143,-144,-151,-143,-9,-16,0,0,0,0,0,0,0,-42,-49,-31,-23,-36,-6,-926,-36,-29998,-29999]} 1. e4 c5 2. Nf3 d6 3. d4 cxd4 4. Nxd4 Nf6 5. Nc3 g6 6. Be3 a6 7. f3 {B72: Sicilian Dragon: 6 Be3, lines with h3+Bc4 and sidelines} Nbd7 8. Qd2 h6 9. g4 {[%cal Bg2g4,Bg4g5][%mdl 32]} b5 10. O-O-O Bb7 11. a3 {LiveBook: 4 Games} Ne5 $146 ({Predecessor:} 11... Rc8 12. h4 Qa5 13. Nb3 Qc7 14. Qf2 e6 {1-0 (36) Giri,A (2776)-Ivanisevic,I (2643) Doha 2014}) 12. h4 h5 13. g5 Nfd7 14. f4 Ng4 15. Be2 (15. f5 $16) 15... Nxe3 $14 16. Qxe3 Bg7 17. f5 {Black must now prevent fxg6.} Qb6 18. f6 $2 (18. Nd5 $14 {stays ahead.} Bxd4 19. Qxd4 Qxd4 20. Rxd4) 18... Nxf6 $17 19. Kb1 Nd7 $1 20. Nd5 Bxd5 21. exd5 b4 (21... O-O $17 22. c3 Bxd4 23. cxd4 Qb7) 22. axb4 $11 {[%cal Ba3b4,Bb4b5][%mdl 32]} O-O 23. c3 ({Wrong is} 23. Qxe7 $2 Bxd4 24. Qxd7 (24. c3 $2 Rad8 $19) 24... Qxb4 $19) 23... a5 $1 {[%cal Ra5b4]} 24. b5 $1 ({But not} 24. Qxe7 $2 Ne5 $19) 24... a4 25. Ka2 $36 {[%mdl 2048] White has good play.} Qc5 26. Nc2 ({Don't blunder} 26. Qxe7 $2 Ne5 $19) 26... Qxe3 $1 27. Nxe3 a3 28. bxa3 Nc5 29. Rb1 $2 {[%mdl 8192] [#]} (29. Rc1 $11) 29... Bxc3 $2 (29... Rxa3+ $1 $19 {[%mdl 512]} 30. Kb2 (30. Kxa3 Bxc3) 30... Rxc3) 30. Rh3 $2 {[%mdl 8192] [#]} (30. Nc2 $15) 30... Rxa3+ $1 {[%mdl 576] Clearance. Accuracy: White = 38%, Black = 50%.} 0-1